Appropriate technology for water supply and sanitation. (Record no. 805)
[ view plain ]
| 000 -LEADER | |
|---|---|
| fixed length control field | 00567cas a2200157 a 4500 |
| 050 00 - LIBRARY OF CONGRESS CALL NUMBER | |
| Classification Number | TD899 |
| Item Number | .S55 1981 |
| 100 ## - MAIN ENTRY--Author | |
| Personal name | Shuval Hillel I. |
| 245 00 - TITLE | |
| Title | Appropriate technology for water supply and sanitation. |
| Remainder of title | Night Soil Composting, volumes 10 |
| 260 ## - PUBLICATION, DISTRIBUTION, ETC.(IMPRINT) | |
| Place of publication, distribution, etc | Washington, D.C. : |
| Name of publisher, distributor, etc | The International Bank for Reconstruction and Development |
| Date of publication, distribution, etc | 1981 |
| 300 ## - PHYSICAL DESCRIPTION | |
| Extent | 81p, |
| 650 #0 - SUBJECT--TOPIC | |
| Topical term following geographic name as entry element | Night Soil Composting, technology for water supply and sanitation |
| Form subdivision | book |
| 650 #2 - SUBJECT--TOPIC | |
| Form subdivision | Periodicals. |
| 650 #2 - SUBJECT--TOPIC | |
| Form subdivision | Periodicals. |
| 700 ## - ADDED ENTRY--PERSONAL AUTHOR | |
| Personal Name | Charles G. Gunnerson, DeAnne S. Julius |
| 942 ## - ADDED ENTRY ELEMENTS(KOHA) | |
| Koha item type | General circulation |
| Source of classification or shelving scheme | Not for loan | Location (home branch) | Sublocation (holding branch) | Date accessioned | Cost, normal purchase price | Full call number | Barcode | Cost, replacement price | Koha item type | Public note |
|---|---|---|---|---|---|---|---|---|---|---|
| Library of Congress Classification | Main Campus Library | Main Campus Library | 13/08/2014 | 1000.00 | TD 512. .S55 | 2019/024938 | 1500.00 | General circulation | leo | |
| Library of Congress Classification | Main Campus Library | Main Campus Library | 05/11/2020 | TD899 .S55 1981 | 2019/024935 | General circulation |